000
00304nam a2200121Ia 4500
008
190722s9999 xx 000 0 und d
020
_a
978-81-775-8333-5
100
_a
David C Lay
245
0
_a
Linear Algebra and its applications
260
_a
New Delhi
_b
Pearson ED
_c
2014
300
_a
530
942
_c
BK
999
_c
450
_d
450